01621aam a2200337 i 4500001001000000003001000010005001700020007000300037008004100040020001500081040004800096041000800144082002400152100002800176245011700204264005200321264001200373300002700385336002700412337002200439338002800461505052600489563001401015650002601029653002101055700003201076942000701108945001201115952013901127999001701266768714001CO-MdFUSB20210506123744.0ta200929t1987 -us |||| |||| 00| 0 eng d a0198266723 bspa.aCO-MdFUSBcCO-MdFUSBdCO-MdFUSBCerda aeng 223a271.12024bR3321 aReeves, Marjorieeautor10aJoachim of Fiore and the myth of th eternal evangel in the nineteenth century c/ Marjorie Reeves, Warwick Gould 1aOxford, England :bThe Clarendon Press,c[1987] 4c© 1987 a365 páginasc; 23 cm 2rdacontentatextobtxt 2rdamediaaotrobn 2rdacarrieravolumenbnc aJoaquín de Fiore y el evangelio eterno - La religión de la humanidad en el siglo XIX - El redescubrimiento del evangelio eterno - Pierre Leroux, George Sand, y su círculo - "Romola" de George Eliot: Positivista o joaquinisto? - Renan, Arena y Matthew Arnold - Joaquinismo y cambiantes interpretaciones del Renacimiento en la Inglaterra victoriana - Joris-Karl Huysmans y el culto Vintrasian del Paráclito - WB Yeats: Un antinomianismo noble - El trinitarismo de DH Lawrence - Joaquín de Fiore en Europa del este aTapa dura 7956aIglesiaxHistoria aJoachim de Fiore 94860aGould, Warwickeautor cBK aJTF-925 00102ddc40708GENaFUSBCbFUSBCd2020-09-29l0oG 271.12024 R332jp20800r2017-02-07 00:00:00tEj.1w2016-01-26yBKB0k10IINV2023 c46479d46479